000
00178 a2200097 4500
020
_a
8437602734
041
_a
spa
100
_a
Marin, Juan
245
_a
Fuente ovejuna
942
_c
BK
999
_c
3072
_d
3072